| 000 | 01193nam a22003257a 4500 | ||
|---|---|---|---|
| 003 | CHAP | ||
| 005 | 20220329134901.0 | ||
| 008 | 971013s1975 r 00010 d | ||
| 010 | _a27465 | ||
| 011 | _a28437 | ||
| 035 | _a32541 | ||
| 040 | _cCHAP | ||
| 082 |
_a630.72 _bI48di 1971-72 |
||
| 110 |
_aINIA. México. Campo Agrícola Experimental Cd. Delicias _958476 |
||
| 245 |
_aInforme _b: invierno, 1971-72 |
||
| 260 |
_a(Cd. Delicias, Chih.), _c1975 |
||
| 300 |
_apág. varía _b: ilus. ; láms |
||
| 590 |
_aBATCH-UPD _b10 _c20130110 _lUCH01 _h0027 |
||
| 590 |
_aBATCH-UPD _b10 _c20130110 _lUCH01 _h1006 |
||
| 590 |
_aBATCH-UPD _b10 _c20130409 _lUCH01 _h2009 |
||
| 590 |
_aBATCH-UPD _b10 _c20130913 _lUCH01 _h2028 |
||
| 590 |
_aCONVERSION _b10 _c20130109 _lUCH01 _h1316 |
||
| 650 | 1 | 4 |
_aAgricultura _xChihuahua. _91356 |
| 650 | 1 | 4 |
_aAgricultura _xInvestigación _xChihuahua. _91598 |
| 901 | _aBK | ||
| 942 | _cLIBRO | ||
| 949 |
_a630.72 I48di 1971-72 _bBC _cLIBRO _d33724000038360 _eLIBRO _fc.2 _h38165 _i32541 _mD _si |
||
| 949 |
_a630.72 I48di 1971-72 _bBC _cLIBRO _d33724000039681 _eLIBRO _h38164 _i32541 _mD _si |
||
| 949 |
_a630.72 I48di 1971-72 _bBC _cLIBRO _d33724000039699 _eLIBRO _fc.3 _h38166 _i32541 _mD _si |
||
| 999 |
_c27465 _d27465 |
||